[Event "Montecatini Terme op"]
[Site "Montecatini Terme"]
[Date "1997.08.05"]
[Round "5"]
[White "Lostuzzi, Manlio"]
[Black "Abramovic, Bosko"]
[Result "1/2-1/2"]
[WhiteElo "2340"]
[BlackElo "2500"]

1.e4 c5 2.Nf3 e6 3.Nc3 a6 4.d4 cxd4 5.Nxd4 Nc6 6.g3 d6 7.Bg2 Bd7 8.O-O Nf6
9.a4 Be7 10.Nb3 b6 11.f4 Rc8 12.g4 h6 13.Be3 e5 14.f5 Nb4 15.Rf2 Qc7 16.h3 Bc6
17.Rd2 Nh7 18.Qe2 O-O 19.Nd1 b5 20.axb5 Bxb5 21.Qf2 Bg5 22.Nc3 Bc4 23.Na5 Bxe3
24.Qxe3 Ba2 25.Nxa2 Qxa5 26.c3 Nxa2 27.Kh2 Qa4 28.b4 Rxc3 29.Raxa2 Qxb4 30.Qa7 Nf6
31.Qxa6 d5 32.exd5 Qc5  1/2-1/2

[Event "MK Cafe op-A"]
[Site "Koszalin"]
[Date "1997.08.09"]
[Round "8"]
[White "Labuckas, Aidas"]
[Black "Gratka, Krzysztof"]
[Result "1/2-1/2"]
[WhiteElo "2430"]
[BlackElo "2265"]

1.e4 c5 2.Nf3 e6 3.d4 cxd4 4.Nxd4 a6 5.Nc3 Qc7 6.g3 Nf6 7.Bg2 Bb4 8.Ne2 Be7
9.O-O O-O 10.h3 d6 11.g4 Nc6 12.a4 b6 13.Ng3 Re8 14.g5 Nd7 15.f4 Bf8 16.f5 Nde5
17.h4 Bb7 18.Kh1 Nb4 19.fxe6 fxe6 20.Nh5 Rad8 21.Bf4 Nc4 22.Bc1 d5 23.Qg4 Ne5
24.Qg3 Bd6 25.Bf4 Ng6 26.Bxd6 Qxd6 27.Qg4 Nxc2 28.Nf6+ gxf6 29.gxf6 Kf7 30.Qg5 Rg8
31.Qh6 Nf8 32.Bf3 Nxa1 33.Bh5+ Rg6 34.Qg7+ Ke8 35.Bxg6+ hxg6 36.e5 Qc5 37.Qxb7 Rd7
38.f7+ Ke7 39.Qb8 Rd8 40.Qa7+ Nd7 41.f8=Q+ Rxf8 42.Rxf8 Kxf8 43.Qxd7 Qe7
44.Qc8+ Kg7 45.Kg2 Qb4 46.Qxe6 Qxb2+ 47.Kh1 Qxc3 48.Qe7+ Kh6  1/2-1/2

[Event "Montecatini Terme op"]
[Site "Montecatini Terme"]
[Date "1997.08.09"]
[Round "9"]
[White "Mantovani, Renzo"]
[Black "Horvath, Csaba"]
[Result "0-1"]
[WhiteElo "2375"]
[BlackElo "2530"]

1.e4 c5 2.Nf3 e6 3.d4 cxd4 4.Nxd4 a6 5.Nc3 Qc7 6.g3 Nf6 7.Bg2 Be7 8.O-O O-O
9.Re1 d6 10.a4 Nc6 11.h3 Rb8 12.b3 Nxd4 13.Qxd4 b6 14.Bb2 Bb7 15.Re2 Rfd8
16.Rd1 Bc6 17.Rde1 Bf8 18.Qd2 b5 19.axb5 axb5 20.Na2 d5 21.Bxf6 gxf6 22.Qc3 d4
23.Qf3 f5 24.Qh5 fxe4 25.Bxe4 Bxe4 26.Rxe4 Bg7 27.Nb4 Qc3 28.Nd3 Qxc2 29.Ne5 Rb7
30.Qh4 Rd5 31.Ng4  0-1

[Event "MK Cafe op-A"]
[Site "Koszalin"]
[Date "1997.08.10"]
[Round "9"]
[White "Koc, Przemyslaw"]
[Black "Forintos, Gyozo V"]
[Result "1-0"]
[WhiteElo "2245"]
[BlackElo "2440"]

1.Nc3 c5 2.e4 e6 3.Nf3 a6 4.d4 cxd4 5.Nxd4 Qc7 6.Be2 b5 7.a3 Bb7 8.O-O Nf6
9.Bf3 d6 10.g3 Be7 11.Bg2 Nc6 12.Nxc6 Bxc6 13.Qe2 O-O 14.Bf4 Qb7 15.Rfd1 Rfd8
16.Re1 h6 17.Bf1 e5 18.Bc1 a5 19.Bg2 Rac8 20.Rd1 b4 21.axb4 axb4 22.Nd5 Nxd5
23.exd5 Bb5 24.Qg4 Bd7 25.Qh5 Rc4 26.h3 Bf8 27.Be3 Ra8 28.Qe2 Rxa1 29.Rxa1 Qc8
30.Rc1 Bf5 31.g4 Bg6 32.Qd2 h5 33.Bf1 hxg4 34.Bxc4 Qxc4 35.Kh2 gxh3 36.b3 Qe4
37.Rg1 Qxc2 38.Qxb4 Bf5 39.Qc4 Qa2 40.Qa4 Qe2 41.Qc4 Qa2 42.Qa4 Qb2 43.Qc4 Bc2
44.b4 Bb3 45.Qd3 Qa2 46.Qd2 Qa8 47.Bh6 Bxd5 48.Qg5 Bg2 49.Qg4 Qa2 50.Qg3 Qe6
51.Be3 Be7 52.Bg5 Bf8 53.Re1 Qc4 54.Qh4 Qd5 55.Be7 Qd2 56.Bxf8 Qxe1 57.Qg5  1-0

[Event "MK Cafe op-A"]
[Site "Koszalin"]
[Date "1997.08.11"]
[Round "10"]
[White "Szelag, Marcin"]
[Black "Nielsen, Peter Heine"]
[Result "1-0"]
[WhiteElo "2290"]
[BlackElo "2515"]

1.e4 c5 2.Nf3 e6 3.d4 cxd4 4.Nxd4 a6 5.Nc3 d6 6.Be3 b5 7.a4 b4 8.Na2 Bb7
9.f3 Nf6 10.Qd2 d5 11.e5 Nfd7 12.f4 Nc5 13.Bd3 a5 14.O-O g6 15.Nc1 Nbd7 16.Ncb3 Rc8
17.Qf2 Ne4 18.Bxe4 dxe4 19.Rad1 Bd5 20.f5 gxf5 21.Nxf5 Nxe5 22.Bd4 Qc7 23.Ne3 Bg7
24.Nxd5 exd5 25.Bc5 Qd7 26.Kh1 Nc4 27.Qg3 Be5 28.Qg5 Rc6 29.Rxd5 Qc7 30.Bd4 Rg6
31.Qf5 O-O 32.Bxe5 Nxe5 33.Qxe5 Qxc2 34.Nd2 f5 35.Rd7 Qxa4 36.Qe7  1-0

[Event "ST Lee Cup 4th"]
[Site "Beijing"]
[Date "1997.08.30"]
[Round "6"]
[White "Li Shilong"]
[Black "Xu Jun"]
[Result "0-1"]
[WhiteElo "2335"]
[BlackElo "2505"]

1.e4 c5 2.Nf3 e6 3.d4 cxd4 4.Nxd4 a6 5.Nc3 d6 6.Bd3 Ne7 7.O-O Nbc6 8.Nxc6 Nxc6
9.Qg4 h5 10.Qg3 h4 11.Qe3 h3 12.g3 b5 13.f4 Bb7 14.Qf2 Be7 15.Be3 Nb4 16.f5 Bf6
17.Rad1 Nxd3 18.cxd3 O-O 19.a3 Qd7 20.g4 d5 21.e5 Bxe5 22.d4 f6 23.dxe5 fxe5
24.Qg3 d4 25.Qxe5 Qc6 26.Nd5 Qxd5 27.Qxd5 Bxd5 28.Bxd4 Bg2 29.Rfe1 exf5 30.Re7 Rf7
31.Rxf7 Kxf7 32.gxf5 Rd8 33.Rd2 Rd5 34.Bc3 Rxf5 35.Rf2 Bf3 36.Be5 Ke6 37.Bg3 Kd5
38.Rd2+ Kc4 39.Kf2 Bg2+ 40.Ke3 Rf3+  0-1

[Event "ST Lee Cup 4th"]
[Site "Beijing"]
[Date "1997.09.03"]
[Round "10"]
[White "Wang Zili"]
[Black "Yakovich, Yuri"]
[Result "0-1"]
[WhiteElo "2520"]
[BlackElo "2610"]

1.e4 c5 2.Nf3 e6 3.d4 cxd4 4.Nxd4 a6 5.Nc3 b5 6.Bd3 Qb6 7.Nb3 Qc7 8.O-O Bb7
9.f4 d6 10.Qe2 Nd7 11.Bd2 Ngf6 12.a3 Be7 13.Rae1 e5 14.h3 O-O 15.fxe5 dxe5
16.Rf3 Bc6 17.g4 Rae8 18.Ref1 Nb6 19.Na5 Ba8 20.b4 Rc8 21.Rf5 Ne8 22.Qf2 Nd6
23.Rf3 Nbc4 24.Bxc4 Nxc4 25.Nxc4 Qxc4 26.Qa7 Qd4+ 27.Qxd4 exd4 28.Nd5 Bxd5
29.exd5 Rxc2 30.Rd3 Bf6 31.Re1 h6 32.d6 Rd8 33.Bf4 Rc3 34.Red1 Kf8 35.Kf2 Ke8
36.Kf3 Kd7 37.Ke4 Re8+ 38.Kd5 Re6 39.h4 g5 40.hxg5 hxg5 41.Bh2 Bg7 42.Rf1 f6
43.Rxd4 Bf8 44.Re4 Rd3+ 45.Rd4 Rh3 46.Rf2 Rxh2  0-1

[Event "ST Lee Cup 4th"]
[Site "Beijing"]
[Date "1997.09.03"]
[Round "10"]
[White "Qin Kanying"]
[Black "Landa, Konstantin"]
[Result "0-1"]
[WhiteElo "2370"]
[BlackElo "2560"]

1.e4 c5 2.Nf3 e6 3.d4 cxd4 4.Nxd4 a6 5.Nc3 b5 6.Bd3 Bb7 7.O-O Ne7 8.Re1 Nbc6
9.Nxc6 Nxc6 10.Bf4 d6 11.Qg4 h5 12.Qe2 g5 13.Be3 Bg7 14.Rad1 g4 15.a4 b4
16.Na2 Bxb2 17.Rb1 Qf6 18.Rf1 a5 19.c3 bxc3 20.Nxc3 Bxc3 21.Rxb7 O-O 22.f4 Rab8
23.Rb5 Nd4 24.Bxd4 Bxd4+ 25.Kh1 Rxb5 26.Bxb5 Rc8 27.Bc4 Rc5 28.Qd3 h4 29.Qe2 g3
30.Ba2 Kf8 31.Qa6 Be3 32.Qxd6+ Kg7 33.f5 Rc2 34.hxg3 Rxa2 35.e5 Qh6 36.f6+ Kh7
37.Qd3+ Kg8 38.Qd8+ Kh7 39.Qd3+ Kg8 40.Qd8+ Qf8 41.Qd3 Ra3 42.Qe4 hxg3 43.Qg4+ Kh7
44.Qe4+ Kh8  0-1

[Event "ISL-ch"]
[Site "Akureyri"]
[Date "1997.09.12"]
[Round "4"]
[White "Gunnarsson, Jon Viktor"]
[Black "Hjartarson, Johann"]
[Result "0-1"]
[WhiteElo "2315"]
[BlackElo "2605"]

1.e4 c5 2.Nf3 e6 3.d4 cxd4 4.Nxd4 a6 5.Nc3 b5 6.a3 Bb7 7.Be2 Qc7 8.O-O Nf6
9.Qd3 d6 10.f4 Nbd7 11.Bf3 Be7 12.Qe2 O-O 13.g4 Nb6 14.g5 Nfd7 15.Bg2 g6
16.f5 Nc5 17.Qg4 exf5 18.exf5 Bxg2 19.Qxg2 d5 20.Bf4 Qd7 21.Rad1 Rfe8 22.b4 Nca4
23.Nxa4 Nxa4 24.Rd3 Bf8 25.Bg3 Rac8 26.Nf3 Bg7 27.f6 Bf8 28.Ne5 Qa7+ 29.Qf2 Qxf2+
30.Rxf2 Nc3 31.Nf3 h6 32.h4 Ne4 33.Rg2 Nxg3 34.Rxg3 Rxc2 35.Rg2 Rc1+ 36.Kf2 Ra1
37.Nd4 Re4 38.Nf3 Ra2+ 39.Kg3 Ra1 40.Kf2 d4 41.Nxd4 Rxh4 42.Nc6 hxg5 43.Ne7+ Kh7
44.Rd8 Rf4+ 45.Kg3 Rxa3+ 46.Kh2 Rh4+ 47.Kg1 Ra1+ 48.Kf2 Rf4+ 49.Kg3 Bh6 50.Ng8 Ra3+
51.Kh2 g4 52.Re2 Rff3  0-1

[Event "Terres Catalanes 15th"]
[Site "Ampuriabrava"]
[Date "1997.09.18"]
[Round "2"]
[White "Sion Castro, Marcelino"]
[Black "Vehi Bach, Victor Manuel"]
[Result "1/2-1/2"]
[WhiteElo "2435"]
[BlackElo "2395"]

1.e4 c5 2.Nf3 e6 3.d4 cxd4 4.Nxd4 a6 5.Nc3 Qc7 6.g3 Nf6 7.Bg2 Be7 8.O-O d6
9.Re1 O-O 10.a4 Nc6 11.Nb3 b6 12.Qe2 Rb8 13.Bf4 Ne5 14.Nd2 h6 15.h3 b5 16.axb5 axb5
17.Nxb5 Qxc2 18.Bxe5 dxe5 19.Rec1 Qxb2 20.Rab1 Qa2 21.Ra1 Qb2 22.Rab1 Qa2
23.Ra1  1/2-1/2

[Event "AUT-chT3 9798"]
[Site "Vorarlberg "]
[Date "1997.09.26"]
[Round "1"]
[White "Haemmerle, Gernot"]
[Black "Kalcher, Mathias"]
[Result "0-1"]
[WhiteElo "1871"]
[BlackElo "1810"]

1.e4 c5 2.Nf3 e6 3.d4 cxd4 4.Nxd4 a6 5.Nc3 Qc7 6.Be3 Bb4 7.Qd2 Nf6 8.Bd3 d5
9.e5 Ne4 10.Bxe4 dxe4 11.O-O Qxe5 12.Rad1 O-O 13.a3 Bxc3 14.bxc3 Nc6 15.Nxc6 bxc6
16.c4 Qc7 17.Bc5 Re8 18.f3 exf3 19.Rxf3 e5 20.Bd6 Qa7+ 21.c5 Bg4 22.Rg3 Bxd1
23.Qxd1 f6 24.Rb3 Red8 25.Rb6 Rac8 26.Kf1 Qf7 27.Qd3 a5 28.Ra6 e4 29.Qxe4 Re8
30.Qd3 Qe6 31.Qb3 Qxb3 32.cxb3 Re3 33.Rxa5 Rxb3 34.Ra6 Rb7 35.a4 Kf7 36.a5 Rb5
37.Ra7+ Kg6 38.a6 Ra5 39.Kf2 Re8 40.Kf3 Kh6 41.h3 Ra3+ 42.Kf2 Ra5 43.Kf3 f5
44.Kf4 Kg6 45.Kf3 Kf6 46.h4 Re4 47.Bf8 Ra3+ 48.Kf2 Rg4 49.Be7+ Ke6 50.Bf8 Kf6
51.Be7+ Kg6 52.Bf8 Kh6 53.Rf7 Rxa6 54.Rf6+ Rg6 55.Rxf5 Ra2+ 56.Kf3 Rgxg2
57.Ke3 Rae2+ 58.Kd3 Ref2 59.Rxf2 Rxf2 60.Be7 Kg6 61.Ke3 Rf1 62.Kd4 Rd1+ 63.Ke5 Kf7
64.Bd6 Rh1 65.Bc7 Rxh4 66.Kd6 Rh6+ 67.Kd7 g5 68.Bd6 g4 69.Bg3 Rf6 70.Be5 Rf5
71.Bd4 Rd5+ 72.Kxc6 Rxd4  0-1

[Event "Brazil op"]
[Site "Pouso Alegre"]
[Date "1997.10.04"]
[Round "6"]
[White "Rodrigues, Adriano Pfuhl"]
[Black "Cajal, Andre"]
[Result "1/2-1/2"]
[WhiteElo "2300"]
[BlackElo "2180"]

1.e4 c5 2.Nf3 e6 3.d4 cxd4 4.Nxd4 a6 5.Nc3 Qc7 6.Be2 Nf6 7.O-O b5 8.a3 Bb7
9.Bf3 d6 10.g3 Be7 11.Bg2 O-O 12.h3 Nbd7 13.Qe2 Rfe8 14.Bg5 h6 15.Bd2 Nb6
16.b3 Nfd7 17.Nd1 Bf6 18.Bc3 d5 19.exd5 Bxd5 20.Bxd5 Nxd5 21.Bb2 Rac8 22.Rc1 Qe5
23.Qxe5 Nxe5 24.Re1 Nd3 25.cxd3 Rxc1 26.Bxc1 Bxd4 27.Ne3 Bxe3 28.Bxe3 Nxe3
29.Rxe3 Rc8 30.Kg2 Rc2 31.b4 Ra2 32.d4 Rd2 33.Rc3  1/2-1/2

[Event "Owens Corning"]
[Site "Wrexham"]
[Date "1997.10.16"]
[Round "3"]
[White "Bellin, Robert"]
[Black "Davies, Nigel R"]
[Result "0-1"]
[WhiteElo "2400"]
[BlackElo "2505"]

1.e4 c5 2.Nf3 e6 3.d4 cxd4 4.Nxd4 a6 5.Nc3 d6 6.Be2 Nd7 7.f4 b5 8.Bf3 Bb7
9.O-O b4 10.Nce2 Ngf6 11.Ng3 h5 12.Re1 h4 13.Nh1 e5 14.Nb3 Be7 15.Nf2 O-O
16.f5 a5 17.Bg5 Ne8 18.Bxe7 Qxe7 19.a3 a4 20.Nd2 bxa3 21.Rxa3 Nb6 22.Be2 Nf6
23.Nc4 Nxc4 24.Bxc4 Qc7 25.Ng4 Rfc8 26.Nxf6+ gxf6 27.Rc3 d5 28.Bxd5 Qb6+
29.Rce3 Bxd5 30.exd5 a3 31.Kh1 a2 32.Rb3 Qd4 33.Qxd4 exd4 34.Ra1 Rxc2 35.h3 Kf8
36.Kh2 Ke7 37.Rb6 d3 38.d6+ Kd7 39.Re1 Re2  0-1

[Event "Copa Itau Mercosul"]
[Site "Sao Paulo"]
[Date "1997.10.23"]
[Round "5"]
[White "Malbran, Emilio"]
[Black "Urday, Henry"]
[Result "0-1"]
[WhiteElo "2240"]
[BlackElo "2445"]

1.e4 c5 2.Nf3 e6 3.d4 cxd4 4.Nxd4 a6 5.Nc3 Qc7 6.Bd3 b5 7.O-O Bb7 8.Qe2 Nf6
9.Kh1 d6 10.f4 Nbd7 11.Nf3 b4 12.Na4 Qc6 13.b3 Nxe4 14.Nd4 Nc3 15.Qf2 Qc7
16.Re1 Be7 17.a3 Nxa4 18.bxa4 bxa3 19.Rxa3 O-O 20.Qe2 Nf6 21.Bb2 d5 22.Rb3 Ne4
23.Rb1 Ra7 24.Nf3 Bf6 25.Bxe4 dxe4 26.Bxf6 exf3 27.Qe5 Qxc2 28.Qb2 Qxg2+
29.Qxg2 fxg2+ 30.Kg1 gxf6 31.Rxb7 Rxb7 32.Rxb7 Rc8 33.Rb6 f5 34.Kxg2 Rc4
35.a5 Rxf4 36.Rxa6 Ra4 37.Ra8+ Kg7 38.a6 Ra3 39.a7 f4 40.Kf2 Kf6 41.h4 Kf5  0-1

[Event "Copa Itau Mercosul"]
[Site "Sao Paulo"]
[Date "1997.10.25"]
[Round "8"]
[White "Rodriguez, Andres URU"]
[Black "Urday, Henry"]
[Result "0-1"]
[WhiteElo "2495"]
[BlackElo "2445"]

1.e4 c5 2.Nf3 e6 3.d4 cxd4 4.Nxd4 a6 5.Nc3 Qc7 6.g3 Bb4 7.Ne2 Be7 8.Bg2 Nf6
9.O-O Nc6 10.a4 d6 11.h3 Rb8 12.g4 b5 13.g5 Nd7 14.axb5 axb5 15.Ng3 O-O 16.f4 Re8
17.Kh1 Bf8 18.Be3 b4 19.Nce2 Bb7 20.Qe1 Nc5 21.Nh5 Ne7 22.Neg3 Ng6 23.Kh2 d5
24.e5 Nd7 25.Rf2 Bc5 26.Rd1 Qb6 27.Bxc5 Qxc5 28.Qd2 Rec8 29.Qd4 Ba6 30.Qxc5 Nxc5
31.b3 Bb5 32.Rd4 Na6 33.Bf3 Rc3 34.Bd1 Rbc8 35.Rfd2 Ne7 36.f5 Nc6 37.Rh4 Nxe5
38.Kg2 Nc6 39.Be2 Bxe2 40.Nxe2 Re3 41.Nhf4 Nc5 42.f6 g6 43.Rg4 Ra8 44.Nc1 Ne5
45.Nxd5 exd5 46.Rxb4 Ne6 47.Rxd5 Nxg5 48.Kf2 Rf3+ 49.Kg2 Rf5 50.Rbb5 Re8
51.Nd3 Nxd3 52.cxd3 Re2+ 53.Kg3 Rf3+ 54.Kh4 h6 55.Rb8+ Kh7 56.Rdd8 Rxh3+
57.Kg4 Rg2+  0-1

[Event "Loures"]
[Site "Loures"]
[Date "1997.10.26"]
[Round "6"]
[White "Sanz Alonso, Francisco Javier"]
[Black "Kogan, Artur"]
[Result "0-1"]
[WhiteElo "2425"]
[BlackElo "2500"]

1.e4 c5 2.Nf3 e6 3.d4 cxd4 4.Nxd4 a6 5.Nc3 Qc7 6.f4 Nc6 7.Nf3 b5 8.Bd3 Bc5
9.Qe2 Nd4 10.Nxd4 Bxd4 11.Nd1 Nf6 12.c3 Bc5 13.b4 Bb6 14.Bd2 Bb7 15.e5 Nd5
16.Rc1 O-O 17.Nf2 f5 18.c4 bxc4 19.Bxc4 Bc6 20.h4 Qb7 21.Nd3 Bb5 22.Bb3 Rac8
23.Rxc8 Rxc8 24.a4 Nc3 25.Bxc3 Rxc3 26.Bxe6+ dxe6 27.axb5 Qd5 28.Rh3 axb5
29.Rf3 Qc4 30.Qd2 Rc2 31.Qd1 Rxg2  0-1

[Event "Loures"]
[Site "Loures"]
[Date "1997.10.30"]
[Round "10"]
[White "Sanz Alonso, Francisco Javier"]
[Black "Guerra, Victor"]
[Result "1-0"]
[WhiteElo "2425"]
[BlackElo "2130"]

1.e4 c5 2.Nf3 e6 3.d4 cxd4 4.Nxd4 a6 5.Nc3 Qc7 6.f4 Bb4 7.Bd2 Nf6 8.Bd3 d6
9.Qe2 Nc6 10.Nf3 Bd7 11.O-O Bc5+ 12.Kh1 Nd4 13.Nxd4 Bxd4 14.Rae1 Bc6 15.Nd1 O-O-O
16.c3 Ba7 17.Be3 Kb8 18.Bxa7+ Kxa7 19.Nf2 Qb6 20.b4 d5 21.e5 Ne4 22.Nxe4 dxe4
23.Bxe4 Bxe4 24.Qxe4 Rd2 25.a4 g6 26.a5 Qd8 27.Rf3 Qd7 28.h3 Rd8 29.Rb1 Rd1+
30.Rf1 Rxf1+ 31.Rxf1 Qd2 32.Rf3 Kb8 33.Kh2 h5 34.Qe3 Qd5 35.Kg3 Qc4 36.Kh4 Rd7
37.Qe1 Rd3 38.Kg3 Rxf3+ 39.Kxf3 Qd3+ 40.Qe3 Qf1+ 41.Kg3 Ka8 42.Qe4 Qc1 43.Kh4 Qxc3
44.Kg5 Qg3+ 45.Kf6 Qh4+ 46.Kg7 Qe7 47.Qd4 f6+ 48.Kxg6 fxe5 49.fxe5 h4 50.Qd6 Qe8+
51.Kf6 Qg8 52.Qxe6 Qxg2 53.Qf5 Qg8 54.e6 Qf8+ 55.Kg6 Qxb4 56.Qe5 Qb1+ 57.Kg7 Qg1+
58.Kh8 Qg6 59.e7 Qh6+ 60.Kg8 Qg6+ 61.Qg7 Qe6+ 62.Qf7 Qc8+ 63.e8=Q  1-0

[Event "RUS-Cup01 Chigorin mem"]
[Site "St Petersburg"]
[Date "1997.11.02"]
[Round "2"]
[White "Shour, Janna"]
[Black "Shaposhnikov, Evgeny"]
[Result "0-1"]
[WhiteElo "2165"]
[BlackElo "2380"]

1.e4 c5 2.Nf3 e6 3.d4 cxd4 4.Nxd4 a6 5.Nc3 b5 6.Bd3 Qb6 7.Be3 Bc5 8.Nce2 Nf6
9.c3 Qc7 10.O-O Bb7 11.Qc2 Be7 12.Bg5 d6 13.a4 bxa4 14.Rxa4 h6 15.Bxf6 Bxf6
16.Rfa1 O-O 17.Rc4 Qd7 18.Qa4 Bd8 19.Rb4 Qxa4 20.Raxa4 Bc8 21.Ra1 Nd7 22.Nc6 Bf6
23.Ned4 Nc5 24.Bc2 Bd7 25.Rb6 Rfc8 26.b4 e5 27.Nf5 Rxc6 28.Rxc6 Bxc6 29.bxc5 dxc5
30.Ra5 Bb5 31.Ne3 c4 32.Ra1 Be7 33.Ba4 Rb8 34.Rb1 Bd6 35.Bc2 a5 36.Nd5 a4
37.Ra1 Bc6 38.Rb1 Rb3 39.Bxb3 cxb3 40.Nb4 Bxe4  0-1

[Event "Budapest FS11 IM-B"]
[Site "Budapest"]
[Date "1997.11.07"]
[Round "6"]
[White "Madl, Ildiko"]
[Black "Szeberenyi, Adam"]
[Result "1-0"]
[WhiteElo "2375"]
[BlackElo "2215"]

1.e4 c5 2.Nf3 e6 3.d4 cxd4 4.Nxd4 a6 5.Nc3 Qc7 6.Bd3 Nc6 7.Be3 Nf6 8.O-O Ne5
9.h3 Bc5 10.Kh1 d6 11.f4 Ned7 12.Qe1 b5 13.b4 Ba7 14.Bxb5 O-O 15.Bd3 Bb7
16.a4 Rfc8 17.Ra3 Nb6 18.Ndb5 axb5 19.Nxb5 Qd7 20.Nxa7 Rxa7 21.Bxb6 Rxa4
22.Rxa4 Qxa4 23.Bd4 Nd7 24.Qa1 Ra8 25.Qxa4 Rxa4 26.Bb5 Rxb4 27.Bxd7 Rxd4
28.Rb1 Rxe4 29.Rxb7 g6 30.g3 Re1+ 31.Kg2 Re2+ 32.Kf3 Rxc2 33.Be8 Rc3+ 34.Kg4 f5+
35.Kg5 e5 36.Bf7+ Kf8 37.Be6 Ra3 38.Kf6 Ra8 39.Rxh7  1-0

[Event "AUT-chT 9798"]
[Site "Austria"]
[Date "1997.11.08"]
[Round "4"]
[White "Groszpeter, Attila"]
[Black "Chernin, Alexander"]
[Result "1/2-1/2"]
[WhiteElo "2530"]
[BlackElo "2640"]

1.e4 c5 2.Nf3 e6 3.d4 cxd4 4.Nxd4 a6 5.Nc3 b5 6.Bd3 Qb6 7.Nde2 Nf6 8.O-O Nc6
9.Kh1 Ng4 10.Qe1 Bc5 11.Nd1 Nge5 12.f4 Nxd3 13.cxd3 O-O 14.Bd2 a5 15.f5 exf5
16.Rxf5 Ne7  1/2-1/2

[Event "CZE-chT 9798"]
[Site "CZE"]
[Date "1997.11.15"]
[Round "1"]
[White "Zezulkin, Jurij"]
[Black "Berezjuk, Sergej"]
[Result "1-0"]
[WhiteElo "2485"]
[BlackElo "2405"]

1.e4 c5 2.Nf3 a6 3.Nc3 e6 4.d4 cxd4 5.Nxd4 b5 6.Bd3 Qb6 7.Nb3 Qc7 8.O-O Nf6
9.f4 d6 10.e5 Nfd7 11.exd6 Bxd6 12.Be3 Be7 13.f5 Nf6 14.fxe6 Bxe6 15.Qf3 Nc6
16.Nd4 Rc8 17.Nxe6 fxe6 18.Qh3 Ne5 19.Qxe6 Nxd3 20.Rxf6 gxf6 21.Nd5 Qe5 22.Qxc8+ Bd8
23.Qc6+  1-0

[Event "Bayern-chI Bank Hofmann"]
[Site "Bad Wiessee"]
[Date "1997.11.16"]
[Round "2"]
[White "Iordachescu, Viorel"]
[Black "Heyl, Thomas"]
[Result "1-0"]
[WhiteElo "2500"]
[BlackElo "2100"]

1.e4 c5 2.Nf3 e6 3.d4 cxd4 4.Nxd4 a6 5.Nc3 Qc7 6.Bd3 b5 7.O-O Bb7 8.Qe2 d6
9.a4 bxa4 10.Rxa4 Nf6 11.Nb3 Nfd7 12.Bg5 Nb6 13.Ra3 d5 14.Raa1 Bd6 15.h3 Be5
16.exd5 Nxd5 17.Nxd5 Bxd5 18.c4 Bc6 19.Na5 Bd6 20.Bd2 O-O 21.Bc3 e5 22.b4 Re8
23.c5 Kf8 24.Nxc6 Nxc6 25.Rxa6 Nd4 26.Qe4 Rad8  1-0

[Event "CZE-chT 9798"]
[Site "CZE"]
[Date "1997.11.16"]
[Round "2"]
[White "Jirovsky, Petr"]
[Black "Banas, Jan"]
[Result "1/2-1/2"]
[WhiteElo "2365"]
[BlackElo "2395"]

1.e4 c5 2.Nf3 e6 3.d4 cxd4 4.Nxd4 a6 5.Nc3 b5 6.Bd3 Qb6 7.Nb3 Qc7 8.O-O Bb7
9.Be3 Nf6 10.a3 d6 11.f4 Be7 12.Kh1 O-O 13.Qf3 Nbd7 14.Qh3 e5 15.Rae1 Rac8
16.fxe5 dxe5 17.Bg5 Rfe8 18.Re3 Qd6 19.Rg3 Nf8 20.Qf5 Ng6 21.h4 Qe6 22.Qxe6 fxe6
23.Bxf6 Bxf6 24.Rxf6 gxf6 25.h5 Kf7 26.hxg6+ hxg6 27.Rh3 Kg7 28.Kg1 f5 29.Nd2 Kf6
30.Kf2 Rh8 31.Rxh8 Rxh8 32.Nb3 Rc8 33.Nd2 Rc7 34.Ne2 Rh7 35.Nc1 Rh4 36.Ncb3 Rf4+
37.Ke3 Rg4 38.Kf3 Rf4+ 39.Kg3 fxe4 40.Be2 e3 41.Nf3 Bd5 42.Nc5 Bc4 43.Nd7+ Kf5
44.Bxc4 Rg4+ 45.Kh2 Rxc4 46.Ndxe5 Rc7 47.Nd3 Rxc2 48.Nfe1 Rd2 49.Kg3 e5 50.Kf3 e4+
51.Kxe3 Rd1 52.Ke2 Rb1 53.Nc5 Rxb2+ 54.Ke3 Ra2 55.Nxe4 Rxa3+ 56.Nd3 b4 57.Nd6+ Kg4
58.Nc4 Kg3 59.Nxa3 bxa3 60.Nc1 Kxg2 61.Kd3 g5 62.Kc2 Kf3 63.Nd3 Ke3 64.Ne5 Kf4
65.Nd3+ Ke4 66.Nf2+ Kf3 67.Nd3  1/2-1/2

[Event "AUT-chT3 9798"]
[Site "Vorarlberg "]
[Date "1997.12.05"]
[Round "5"]
[White "Studer, Kurt"]
[Black "Burschowsky, Matthias"]
[Result "0-1"]
[WhiteElo "1775"]
[BlackElo "1918"]

1.e4 c5 2.Nf3 e6 3.d4 cxd4 4.Nxd4 a6 5.Nc3 Qc7 6.Be2 b5 7.a3 Bb7 8.f4 Nf6
9.Bf3 d6 10.O-O Nbd7 11.Qe2 Rc8 12.g4 Qc4 13.Be3 e5 14.Qxc4 Rxc4 15.Nf5 Nc5
16.Bxc5 Rxc5 17.g5 Nd7 18.Rad1 exf4 19.Nxd6+ Bxd6 20.Rxd6 Rxg5+ 21.Kh1 Ke7
22.Rd4 Nc5 23.Nd5+ Bxd5 24.exd5 Kd6 25.Re1 Re5 26.Red1 g5 27.b4 Nd7 28.c4 bxc4
29.Rxc4 Nb8 30.a4 h5 31.b5 axb5 32.axb5 g4 33.Rc6+ Nxc6 34.dxc6+ Kc5 35.Rc1+ Kb6
36.Bg2 Rxb5 37.Be4 Kc7 38.Ra1 f5 39.Ra7+ Kd6 40.Rd7+ Ke6 41.Bd3 Rc5 42.Rg7 Rxc6
43.Rg6+ Kd5 44.Rg5 Rc1+ 45.Kg2 f3+ 46.Kf2 Kd4 47.Bxf5 Rc5 48.h4 Rf8 49.Bg6 Rxg5
50.hxg5 h4 51.Bh7 Re8  0-1

[Event "Rishon Le Ziyyon 9798"]
[Site "Rishon Le Ziyyon"]
[Date "1997.12.26"]
[Round "2"]
[White "Kundin, Alexander"]
[Black "Oratovsky, Michael"]
[Result "0-1"]
[WhiteElo "2305"]
[BlackElo "2465"]

1.e4 c5 2.Nf3 e6 3.d4 cxd4 4.Nxd4 a6 5.Nc3 b5 6.Be2 Bb7 7.Bf3 b4 8.Na4 Nc6
9.O-O Ne5 10.Re1 Nf6 11.Nf5 Bc6 12.Bf4 Nxf3+ 13.Qxf3 exf5 14.exf5+ Be7 15.Qg3 Nh5
16.Qg4 Nxf4 17.Qxg7 Rf8 18.Nc5 Qb6 19.f6 O-O-O 20.fxe7 Nh3+ 21.gxh3 Rg8 22.exd8=Q+ Qxd8
23.Qg3 Rxg3+ 24.hxg3 Qb6 25.Nb3 Bb7 26.Re5 Qf6 27.Re8+ Kc7 28.Nc5 Qxb2 29.Rd1 Bc8
30.Nd3 Qc3 31.Nf4 Qxc2 32.Nd5+ Kb7 33.Rd4 Qc1+ 34.Kh2 Qc5 35.Rxb4+ Ka7 36.Rf4 Bb7
37.Ne3 Qc1 38.g4 Qh1+ 39.Kg3 h5 40.gxh5 Qg1+ 41.Kh4 Qg7 42.Ng4 Bd5 43.Rf6 Be6
44.h6 Qh7 45.Re7 Kb8 46.Re8+ Kc7 47.a4 a5 48.Ra8 Kb6 49.Rb8+ Kc7 50.Rb5 Qh8
51.Rc5+ Kb7 52.Rb5+ Kc7 53.Kg5 Qg8+ 54.Kf4 Qh8 55.Ke5 d6+ 56.Kf4 Bxg4 57.Rxf7+ Bd7
58.h7 Kc6 59.Rg5  0-1

[Event "Raiffeisen op-A 6th"]
[Site "Aschach"]
[Date "1997.12.28"]
[Round "4"]
[White "Kuczynski, Robert"]
[Black "Hellmayr, Alois"]
[Result "1-0"]
[WhiteElo "2495"]
[BlackElo "2220"]

1.e4 c5 2.Nf3 e6 3.Nc3 a6 4.d4 cxd4 5.Nxd4 Qc7 6.Be2 Nf6 7.O-O Bb4 8.Qd3 Nc6
9.Nxc6 bxc6 10.f4 d5 11.e5 Nd7 12.Na4 a5 13.Qg3 g6 14.Be3 Ba6 15.Bxa6 Rxa6
16.c4 Be7 17.Rac1 Qb7 18.Rc2 O-O 19.Rfc1 Qb4 20.b3 Rd8 21.Qf2 Qb8 22.cxd5 cxd5
23.Rc7 Ba3 24.R1c2 Qb5 25.Qf1 Qxf1+ 26.Kxf1 Raa8 27.Bd4 Kf8 28.Ke2 Ke8 29.Kd3 Be7
30.Ba7 g5 31.g3 gxf4 32.gxf4 f6 33.exf6 Bxf6 34.Re2 Be7 35.Rxe6 Kf7 36.f5 Rac8
37.Rb7 Rc6 38.Rxd7 Rxd7 39.Rxc6 Rxa7 40.Nc3 Rd7 41.Nb5 Bd8 42.Ra6 h5 43.Nd4 h4
44.Nf3 Rb7 45.Ne5+ Kg7 46.Rg6+ Kh7 47.f6 Bb6 48.f7 Bc5 49.Rg4 h3 50.Rg3 Bd6
51.Rxh3+ Kg7 52.Rf3 Bc5 53.h4 Bf8 54.Kd4 Rb4+ 55.Kxd5 Rxh4 56.Rg3+ Kf6 57.Rg6+ Kf5
58.Rg8 Rb4 59.Rxf8  1-0

[Event "Ambasador op"]
[Site "Bern"]
[Date "1997.12.??"]
[Round "2"]
[White "Haener, Philipp"]
[Black "Kaenel, Hansjuerg"]
[Result "1-0"]
[WhiteElo "1968"]
[BlackElo "2383"]

1.e4 c5 2.Nc3 e6 3.Nf3 a6 4.d4 cxd4 5.Nxd4 Qc7 6.g3 b5 7.a3 Bb7 8.Bg2 Nf6
9.O-O Nc6 10.Be3 Be7 11.Qe2 O-O 12.Nxc6 Bxc6 13.Bd4 d6 14.Rad1 Rfd8 15.g4 Rab8
16.Rd3 e5 17.Be3 b4 18.axb4 Rxb4 19.Bc1 Qb7 20.Re1 a5 21.g5 Nd7 22.Rh3 a4
23.Nd5 Bxd5 24.exd5 g6 25.c3 Rb3 26.Qf3 f5 27.gxf6 Nxf6 28.Qd3 Qb5 29.Qxb5 Rxb5
30.f4 Nd7 31.Bf1 Rb6 32.Bd3 Bf6 33.f5 Nf8 34.Rf3 g5 35.Bc2 Ra8 36.Re4 Ra5
37.Rg3 Rxd5 38.Rxa4 h6 39.b4 Kh8 40.Bb3 Rdb5 41.Bc4 e4 42.Bxb5 Rxb5 43.Ra5 Rb8
44.Bd2 Nd7 45.Re3 Ne5 46.Rd5 Nc4 47.Rxe4 Nxd2 48.Rxd2 Bxc3 49.Rxd6 Bxb4 50.Rxh6+ Kg7
51.Rg6+ Kf7 52.Rxg5 Bc5+ 53.Kg2 Rb2+ 54.Kh3 Bd6 55.Rg2 Rb8 56.Kg4 Rg8+ 57.Kf3 Rh8
58.h4 Be7 59.Rh2 Rh7 60.h5 Kf6 61.h6 Bf8 62.Kg4  1-0

[Event "Skolernes Skakklub op"]
[Site "Aarhus"]
[Date "1997.??.??"]
[Round "1"]
[White "Hoiberg, Nina"]
[Black "Kveinys, Aloyzas"]
[Result "0-1"]
[WhiteElo "2280"]
[BlackElo "2545"]

1.e4 c5 2.Nf3 e6 3.d4 cxd4 4.Nxd4 a6 5.Nc3 b5 6.Bd3 Qb6 7.Be3 Bc5 8.Nce2 Nf6
9.h3 Bb7 10.e5 Nd5 11.O-O Nc6 12.c3 Nxe3 13.fxe3 Nxe5 14.Ng3 Nxd3 15.Qxd3 O-O
16.Rae1 f5 17.Kh1 Bd6 18.Nge2 Bc7 19.Nf3 Rad8 20.b3 Be4 21.Qd2 d5 22.Nf4 h6
23.Qd4 Qd6 24.Qb4 Rfe8 25.Qxd6 Bxd6 26.Rd1 Rc8 27.Ne2 Bc5 28.Nfd4 g6 29.Ng3 Bb6
30.Nxe4 dxe4 31.Rd2 Rxc3 32.Nc2 Bxe3 33.Nxe3 Rxe3  0-1

[Event "Skolernes Skakklub op"]
[Site "Aarhus"]
[Date "1997.??.??"]
[Round "3"]
[White "Hoiberg, Nina"]
[Black "Holst, Allan"]
[Result "1/2-1/2"]
[WhiteElo "2280"]
[BlackElo "2305"]

1.e4 c5 2.Nf3 e6 3.d4 cxd4 4.Nxd4 a6 5.Nc3 Nc6 6.Be2 Nge7 7.Be3 Nxd4 8.Qxd4 b5
9.f4 Nc6 10.Qd2 Bb7 11.O-O Be7 12.Rad1 Rc8 13.Bd3 Na5 14.Qf2 Nc4 15.Bxc4 Rxc4
16.Rd4 Rxd4 17.Bxd4 f6 18.a3 O-O 19.Bc5 Bxc5 20.Qxc5 Qc8 21.Qd6 Bc6 22.Rd1 Qb8
23.Ne2 e5 24.Qxb8 Rxb8 25.fxe5 fxe5 26.Nc3 b4 27.axb4 Rxb4 28.b3 Rd4 29.Rxd4 exd4
30.Ne2 Bxe4 31.Nxd4 Kf7 32.Kf2 Kf6 33.g3 Ke5 34.Ke3 Bb7 35.c3 h6 36.Ne2 d6  1/2-1/2